[Event "Elit(Rockaden,Umea-Stockholms SS)"]
[Site "?"]
[Date "2019.01.12"]
[Round "4"]
[White "Nygren, David"]
[Black "Seo, Jung Min"]
[Result "0-1"]
[WhiteElo "2273"]
[BlackElo "2372"]
[PlyCount "86"]
1. e4 c5 2. c3 d6 3. d4 Qc7 4. Nf3 Nd7 5. Bd3 Ngf6 6. O-O e5 7. a4 Be7 8. Na3
O-O 9. Bg5 a6 10. Qd2 cxd4 11. cxd4 exd4 12. Nxd4 Nc5 13. Rac1 Qd8 14. Bxf6
Bxf6 15. Bc2 Ne6 16. Nxe6 Bxe6 17. Qb4 Qe7 18. Bd3 Rac8 19. f4 d5 20. Qb6 dxe4
21. Bxe4 Rxc1 22. Rxc1 Qd7 23. Kh1 Qd2 24. Rb1 Rc8 25. Qg1 Qb4 26. Qe3 g6 27.
h3 Ba2 28. Rf1 Re8 29. Re1 Bd5 30. Bxd5 Rxe3 31. Rxe3 Qxf4 32. Nc4 b5 33. axb5
axb5 34. Rf3 Qc1+ 35. Kh2 Kg7 36. Ne3 Be5+ 37. g3 Qd2+ 38. Kh1 f5 39. b3 Bd4
40. Nf1 Qd1 41. b4 Bb6 42. Bc6 Qd4 43. Ne3 Qxb4 0-1

[Event "Elit(Eksjo-LASK)"]
[Site "?"]
[Date "2019.01.12"]
[Round "4"]
[White "Kucuksari, Kaan"]
[Black "Malesevic, Nedeljko"]
[Result "0-1"]
[WhiteElo "2345"]
[BlackElo "2249"]
[PlyCount "84"]
1. d4 d5 2. Nf3 Nf6 3. c4 e6 4. g3 Be7 5. Bg2 O-O 6. O-O c6 7. Nbd2 b6 8. Qc2
Bb7 9. e4 Na6 10. Re1 Nb4 11. Qb3 Nxe4 12. Nxe4 dxe4 13. Rxe4 c5 14. Rf4 Rc8
15. a3 Nc6 16. dxc5 Bxc5 17. Qc2 Be7 18. Re4 Bf6 19. Be3 Na5 20. Rg4 h5 21. Ng5
Bxg5 22. Rxg5 Bxg2 23. Kxg2 Nxc4 24. Qe2 Nxe3+ 25. Qxe3 g6 26. h4 Qf6 27. g4
hxg4 28. Rxg4 Rc5 29. Rh1 Rh5 30. b4 Rd8 31. Rh3 Rdd5 32. a4 Rhe5 33. Qc3 Rf5
34. Qg3 Rd2 35. Kh1 Rfxf2 36. Qb8+ Rd8 37. Qb7 Rd1+ 38. Rg1 Rxg1+ 39. Kxg1 Rf1+
40. Kh2 Qb2+ 41. Kg3 Qf2+ 42. Kg4 Qf4# 0-1

[Event "Elit(Rockaden,Umea-Stockholms SS)"]
[Site "?"]
[Date "2019.01.12"]
[Round "4"]
[White "van Hengel, Hugo"]
[Black "Larsson, Johan"]
[Result "1-0"]
[WhiteElo "2251"]
[BlackElo "2197"]
[PlyCount "97"]
[EventDate "2019.??.??"]
1. e4 c5 2. Nf3 Nc6 3. d4 cxd4 4. Nxd4 Nf6 5. Nc3 e5 6. Ndb5 d6 7. Bg5 a6 8.
Na3 b5 9. Nd5 Be7 10. Bxf6 Bxf6 11. c3 O-O 12. Nc2 Rb8 13. a4 bxa4 14. Ncb4
Nxb4 15. cxb4 Bg5 16. Rxa4 f5 17. exf5 Bxf5 18. Bxa6 Qe8 19. Bc4 Kh8 20. O-O
Qg6 21. Ra3 Bh4 22. b5 Be4 23. f3 Bxd5 24. Qxd5 Bd8 25. Bd3 Bb6+ 26. Kh1 Qh6
27. Ra4 Be3 28. g3 Bd4 29. Ra6 Qe3 30. Qe4 Qxe4 31. fxe4 Rxf1+ 32. Bxf1 Bxb2
33. Bc4 Bd4 34. Rxd6 g6 35. Rd7 Rf8 36. g4 Rf2 37. g5 Rf8 38. Kg2 Rb8 39. h4
Rf8 40. Kh3 Rf3+ 41. Kg4 Rf4+ 42. Kg3 Rf8 43. Bd5 Bf2+ 44. Kg4 Rf4+ 45. Kh3 h5
46. gxh6 Rxh4+ 47. Kg2 Bd4 48. Rd6 Rg4+ 49. Kh3 1-0

[Event "Elit(Eksjo-LASK)"]
[Site "?"]
[Date "2019.01.12"]
[Round "4"]
[White "Ornstein, Axel"]
[Black "Jogstad, Martin"]
[Result "1/2-1/2"]
[WhiteElo "2301"]
[BlackElo "2246"]
[PlyCount "71"]
1. Nf3 d5 2. c4 c6 3. b3 Nf6 4. g3 Bf5 5. Bg2 e6 6. O-O Be7 7. Bb2 O-O 8. d3 h6
9. Nbd2 Nbd7 10. Qc2 a5 11. a3 Re8 12. Bc3 Bd6 13. Rfe1 Bh7 14. e4 dxe4 15.
Nxe4 Nxe4 16. dxe4 Qe7 17. Qb2 e5 18. Nh4 Nc5 19. Qc2 Qc7 20. b4 axb4 21. axb4
Rxa1 22. Rxa1 Ne6 23. c5 Be7 24. Nf5 Bxf5 25. exf5 Nd4 26. Qe4 Rd8 27. Bf1 Bf6
28. Kg2 Qd7 29. g4 Kf8 30. Bc4 Rb8 31. Rd1 Rd8 32. Rd3 Qe7 33. h3 Qc7 34. Rd1
Qe7 35. Rd3 Qc7 36. Rd1 1/2-1/2

[Event "Elit(Rockaden,Umea-Stockholms SS)"]
[Site "?"]
[Date "2019.01.12"]
[Round "4"]
[White "Lindgren, Mats"]
[Black "Thorn, Eric"]
[Result "1-0"]
[WhiteElo "2146"]
[BlackElo "2271"]
[PlyCount "115"]
1. f4 d5 2. Nf3 g6 3. e3 Bg7 4. Be2 Nf6 5. O-O O-O 6. d3 b6 7. Qe1 Nbd7 8. Nc3
Bb7 9. Qh4 e6 10. g4 Ne8 11. Qh3 Nd6 12. Bd2 e5 13. Nxe5 Nxe5 14. fxe5 Bxe5 15.
Bf3 c6 16. Rae1 Qc7 17. Nd1 Rae8 18. Bc3 Bc8 19. Qg2 Qd8 20. Nf2 Qh4 21. e4 d4
22. Bd2 f6 23. Qh3 Qxh3 24. Nxh3 Kg7 25. Nf4 Nf7 26. Bd1 Ng5 27. Kg2 Ne6 28. h3
Nxf4+ 29. Bxf4 g5 30. Bg3 Bxg3 31. Kxg3 Re5 32. Rf2 Rd8 33. Rh1 Rd6 34. h4
gxh4+ 35. Rxh4 h5 36. Rxh5 Rxh5 37. gxh5 Kh6 38. Kf4 Be6 39. e5 Rd5 40. exf6
Rf5+ 41. Kg3 Rg5+ 42. Kh4 Bf7 43. Bg4 Re5 44. Re2 Rg5 45. Re7 Bxh5 46. Rh7+
Kxh7 47. Kxg5 Bf7 48. a3 Ba2 49. Bf5+ Kg8 50. Kf4 Kf8 51. Ke5 Bb1 52. Kxd4 Bxc2
53. Ke5 Bb1 54. d4 Ba2 55. Be6 Bb1 56. b4 a5 57. Bd7 axb4 58. axb4 1-0

[Event "Elit(Eksjo-LASK)"]
[Site "?"]
[Date "2019.01.12"]
[Round "4"]
[White "Mauritsson, Sebastian"]
[Black "Gustafsson, Fredrik"]
[Result "1-0"]
[WhiteElo "2322"]
[BlackElo "2130"]
[PlyCount "75"]
1. e4 c5 2. Nf3 d6 3. d4 cxd4 4. Nxd4 Nf6 5. Nc3 g6 6. Be3 Bg7 7. f3 Nc6 8. Qd2
O-O 9. Bc4 Nd7 10. h4 Nb6 11. Bb3 Na5 12. Qd3 Bd7 13. h5 Rc8 14. hxg6 hxg6 15.
O-O-O Nbc4 16. Bg5 b5 17. Kb1 Rc5 18. Bh6 a6 19. Rh2 Rh5 20. Rxh5 gxh5 21. Bxg7
Kxg7 22. f4 Bg4 23. Nf5+ Bxf5 24. exf5 Rh8 25. Re1 Rh6 26. Qg3+ Kh7 27. Qg5 Nc6
28. Nd5 e6 29. f6 Qh8 30. Bxc4 bxc4 31. Ne7 Nd4 32. Rh1 Nf5 33. Rxh5 Rxh5 34.
Qxh5+ Nh6 35. Qg5 d5 36. c3 Qf8 37. g4 Ng8 38. Nxg8 1-0

[Event "Elit(Rockaden,Umea-Stockholms SS)"]
[Site "?"]
[Date "2019.01.12"]
[Round "4"]
[White "Kassani, Sam"]
[Black "Mardell, Jimmy"]
[Result "1-0"]
[WhiteElo "2219"]
[BlackElo "2138"]
[PlyCount "83"]
[SourceDate "2019.01.17"]
1. d4 Nf6 2. Bf4 c5 3. e3 d5 4. c3 e6 5. Nd2 Bd6 6. Bg3 O-O 7. Ngf3 b6 8. Bd3
Ba6 9. Bxa6 Nxa6 10. a4 cxd4 11. exd4 Nb8 12. Ne5 Qc7 13. O-O Nfd7 14. f4 f6
15. Nd3 Nc6 16. Qh5 Rae8 17. Rae1 Na5 18. Rxe6 Rxe6 19. Qxd5 Rfe8 20. f5 Bxg3
21. hxg3 Qd6 22. Qa2 Qxg3 23. Rf3 Qd6 24. Nf4 Nf8 25. fxe6 Nxe6 26. Ne4 Qd7 27.
Nh5 Kh8 28. Nhxf6 gxf6 29. Nxf6 Qe7 30. Nxe8 Ng5 31. Rf1 Qe3+ 32. Kh1 Qxe8 33.
Qa3 Kg7 34. Qd6 h6 35. Qc7+ Kg6 36. Qd6+ Kg7 37. d5 Qe2 38. Qf6+ Kh7 39. d6 Nc4
40. Qe7+ Qxe7 41. dxe7 Nd6 42. Rf8 1-0

[Event "Elit(Eksjo-LASK)"]
[Site "?"]
[Date "2019.01.12"]
[Round "4"]
[White "Ghazi Al-Saadi, Ali"]
[Black "Magnusson, Jorgen"]
[Result "1/2-1/2"]
[WhiteElo "2024"]
[BlackElo "2309"]
[PlyCount "92"]
1. e4 g6 2. d4 Bg7 3. Nf3 d6 4. Be2 Nf6 5. Nc3 O-O 6. O-O c6 7. h3 Nbd7 8. e5
Ne8 9. Bg5 h6 10. Bh4 d5 11. Bd3 Nc7 12. Ne2 Ne6 13. Qd2 g5 14. Bg3 a5 15. Bf5
Nb6 16. Qd3 c5 17. c3 c4 18. Qb1 Nc7 19. Bh7+ Kh8 20. Nh2 f6 21. exf6 exf6 22.
Bxc7 Qxc7 23. Ng3 Bd7 24. Bf5 Rae8 25. Qd1 Nc8 26. Bg6 Re7 27. Nf5 Bxf5 28.
Bxf5 Nd6 29. Qf3 Ne4 30. Qh5 Nd6 31. Qg6 Nxf5 32. Qxf5 Qd7 33. Qxd7 Rxd7 34.
Rae1 Rfd8 35. Re6 Rd6 36. Rfe1 Kg8 37. Nf1 Bf8 38. Ng3 Kf7 39. Rxd6 Rxd6 40.
Nf5 Rd7 41. g4 b5 42. a3 Rb7 43. Ne3 Rd7 44. Nf5 Rb7 45. Ne3 Rd7 46. Nf5 Rb7
1/2-1/2

[Event "Elit(Rockaden,Umea-Stockholms SS)"]
[Site "?"]
[Date "2019.01.12"]
[Round "4"]
[White "Hellstrom, Magnus"]
[Black "Darnell, Anton"]
[Result "0-1"]
[WhiteElo "2089"]
[BlackElo "2027"]
[PlyCount "86"]
1. e4 e6 2. d4 d5 3. Nc3 Bb4 4. e5 b6 5. Qg4 Bf8 6. Nf3 Qd7 7. a4 a5 8. Be2 Ne7
9. O-O Ba6 10. Re1 Bxe2 11. Nxe2 Nbc6 12. c3 Nf5 13. Qf4 Nce7 14. b3 Ng6 15.
Qd2 Be7 16. Qd3 h6 17. g3 O-O 18. h4 Rfc8 19. h5 Nf8 20. Kg2 c5 21. Rh1 Bd8 22.
g4 Ne7 23. g5 hxg5 24. h6 g6 25. h7+ Kh8 26. Nxg5 Nf5 27. Qb5 Ra7 28. Qd3 cxd4
29. cxd4 Rxc1 30. Nxf7+ Qxf7 31. Raxc1 Nh4+ 32. Kg3 Nf5+ 33. Kg4 Qe7 34. f4 Rc7
35. Rxc7 Bxc7 36. Ng1 Nxh7 37. Nf3 Kg8 38. Qe2 Bd8 39. Rc1 g5 40. Rc8 gxf4 41.
Kxf4 Qf8 42. Qg2+ Kh8 43. Qg6 Nh4+ 0-1

[Event "Elit(Wasa-Farsta)"]
[Site "?"]
[Date "2019.01.12"]
[Round "4"]
[White "Ong, Kezli"]
[Black "Amin, Bassem"]
[Result "0-1"]
[WhiteElo "2712"]
[BlackElo "2341"]
[PlyCount "108"]
[SourceDate "2019.01.14"]
1. e4 e5 2. Nf3 Nc6 3. Bb5 a6 4. Ba4 Nf6 5. O-O Be7 6. Re1 b5 7. Bb3 d6 8. c3
O-O 9. h3 Nb8 10. d4 Nbd7 11. Nbd2 Bb7 12. Bc2 Re8 13. Nf1 Bf8 14. Ng3 g6 15.
a4 c5 16. d5 c4 17. Bg5 h6 18. Be3 Nc5 19. Qd2 h5 20. Ra3 Nfd7 21. Rea1 Qc7 22.
Qe2 Nb6 23. axb5 axb5 24. Nh2 Rxa3 25. Rxa3 Bc8 26. Qd2 Nba4 27. Ra2 Bd7 28.
Ngf1 Bg7 29. g4 hxg4 30. hxg4 Rb8 31. Ng3 Qc8 32. f3 Qb7 33. Ne2 b4 34. Bxa4
Nxa4 35. cxb4 Qxb4 36. Qxb4 Rxb4 37. Bc1 f5 38. gxf5 gxf5 39. Kf2 Nc5 40. exf5
Bxf5 41. Kg3 Nd3 42. Ng4 Bxg4 43. fxg4 Rb3 44. Kh4 Kh7 45. Ra4 Kg6 46. Rxc4
Nxc1 47. Nxc1 Bf6+ 48. g5 Bxg5+ 49. Kg4 Rxb2 50. Nd3 Rg2+ 51. Kf3 Rd2 52. Nb4
Kf5 53. Rc8 e4+ 54. Kg3 Bf4+ 0-1

[Event "Elit(Limhamn-Schack 08)"]
[Site "?"]
[Date "2019.01.12"]
[Round "4"]
[White "Nyander, Joakim"]
[Black "Johansson, Linus"]
[Result "0-1"]
[WhiteElo "2229"]
[BlackElo "2477"]
[PlyCount "74"]
1. c4 Nf6 2. g3 d5 3. Nf3 c6 4. Bg2 g6 5. b3 Bg7 6. Bb2 O-O 7. O-O Bg4 8. d3 a5
9. Qc2 Nbd7 10. Nc3 e6 11. h3 Bxf3 12. Bxf3 d4 13. Ne4 Nxe4 14. Bxe4 f5 15. Bg2
f4 16. gxf4 Rxf4 17. e3 Rh4 18. Rae1 Qg5 19. f4 Qg3 20. Qf2 Rxh3 21. Qxg3 Rxg3
22. Bxd4 Bxd4 23. exd4 Rxd3 24. Rxe6 Rxd4 25. f5 gxf5 26. Rxf5 Rg4 27. Kf2 Rf8
28. Rxf8+ Kxf8 29. Rh6 Kg7 30. Rh5 a4 31. Bh3 Rf4+ 32. Ke3 Rf7 33. Bxd7 Rxd7
34. bxa4 Kg6 35. Rc5 Re7+ 36. Kf3 Rf7+ 37. Kg3 Rf5 0-1

[Event "Elit(Vasteras-Rockaden,Sthlm)"]
[Site "?"]
[Date "2019.01.12"]
[Round "4"]
[White "Socko, Bartosz"]
[Black "Miezis, Normunds"]
[Result "1/2-1/2"]
[WhiteElo "2617"]
[BlackElo "2459"]
[PlyCount "87"]
[SourceDate "2019.02.06"]
1. d4 Nf6 2. c4 e6 3. Nf3 Bb4+ 4. Nbd2 O-O 5. g3 d5 6. Bg2 c5 7. cxd5 exd5 8.
a3 Bxd2+ 9. Bxd2 cxd4 10. Nxd4 Nc6 11. Nxc6 bxc6 12. Rc1 Bd7 13. O-O Re8 14.
Be3 Qe7 15. Re1 h5 16. Qd4 Ne4 17. Bf4 a5 18. h4 a4 19. f3 Nd6 20. e4 Nb5 21.
Qb6 Qd8 22. Qc5 dxe4 23. Red1 Qc8 24. fxe4 Bg4 25. Rd2 Rd8 26. Qxc6 Qxc6 27.
Rxd8+ Rxd8 28. Rxc6 Rd1+ 29. Kf2 Rb1 30. Rc2 Nd4 31. Rd2 Nb3 32. Rd8+ Kh7 33.
Be5 Rc1 34. Bf1 Nc5 35. Rd4 Rc2+ 36. Ke3 Rxb2 37. Bc4 f6 38. Bf4 Rc2 39. e5
Rc3+ 40. Kd2 Rxa3 41. exf6 gxf6 42. Bd6 Nb3+ 43. Bxb3 Rxb3 44. Rxa4 1/2-1/2

[Event "Elit(Wasa-Farsta)"]
[Site "?"]
[Date "2019.01.12"]
[Round "4"]
[White "Berg, Emanuel"]
[Black "Livner, Anders"]
[Result "1-0"]
[WhiteElo "2537"]
[BlackElo "2341"]
[PlyCount "41"]
1. e4 c6 2. d4 d5 3. Nc3 dxe4 4. Nxe4 Nf6 5. Nxf6+ exf6 6. c3 Bd6 7. Bd3 O-O 8.
Qf3 Re8+ 9. Ne2 Qc7 10. h3 Nd7 11. O-O g6 12. Bf4 f5 13. Qg3 Bxf4 14. Nxf4 Nf8
15. Rfe1 Be6 16. Re5 Qb6 17. Rae1 Qxb2 18. Bc4 Bd7 19. Nh5 Red8 20. Bxf7+ Kh8
21. Qg5 1-0

[Event "Elit(Limhamn-Schack 08)"]
[Site "?"]
[Date "2019.01.12"]
[Round "4"]
[White "Brynell, Stellan"]
[Black "Renman, Nils-Gustaf"]
[Result "1/2-1/2"]
[WhiteElo "2401"]
[BlackElo "2357"]
[PlyCount "62"]
1. d4 d5 2. c4 c6 3. Nf3 Nf6 4. Nc3 e6 5. Bg5 dxc4 6. e4 b5 7. e5 h6 8. Bh4 g5
9. Nxg5 hxg5 10. Bxg5 Nbd7 11. g3 Bb7 12. Bg2 Qb6 13. exf6 O-O-O 14. O-O c5 15.
d5 b4 16. Na4 Qb5 17. a3 Nb8 18. axb4 cxb4 19. Qg4 Bxd5 20. Bxd5 Rxd5 21. Be3
Nc6 22. Rfc1 Ne5 23. Qe4 Bh6 24. Nb6+ axb6 25. Ra8+ Kd7 26. Rxh8 Bxe3 27. Qxe3
Rd3 28. Qh6 Qd5 29. Qf8 Rd1+ 30. Rxd1 Qxd1+ 31. Kg2 Qf3+ 1/2-1/2

[Event "Elit(Vasteras-Rockaden,Sthlm)"]
[Site "?"]
[Date "2019.01.12"]
[Round "4"]
[White "Sjodahl, Pontus"]
[Black "Barkhagen, Jonas"]
[Result "1/2-1/2"]
[WhiteElo "2416"]
[BlackElo "2429"]
[PlyCount "62"]
1. d4 d5 2. c4 c6 3. Nf3 Nf6 4. Qc2 dxc4 5. Qxc4 Bf5 6. g3 e6 7. Bg2 Be7 8. O-O
O-O 9. e3 Nbd7 10. Qe2 c5 11. Nc3 Ne4 12. Ne1 Ndf6 13. f3 Nxc3 14. bxc3 Bg6 15.
Bb2 Nd5 16. e4 Nb6 17. a4 Qd7 18. f4 cxd4 19. cxd4 Nxa4 20. g4 Nxb2 21. Qxb2 f6
22. f5 Bf7 23. Nf3 b5 24. fxe6 Bxe6 25. g5 Bc4 26. gxf6 gxf6 27. Rfd1 Kh8 28.
Kh1 Qg4 29. d5 Bd6 30. e5 fxe5 31. Nxe5 Qg7 1/2-1/2

[Event "Elit(Wasa-Farsta)"]
[Site "?"]
[Date "2019.01.12"]
[Round "4"]
[White "Degerman, Lars"]
[Black "Cramling, Pia"]
[Result "1/2-1/2"]
[WhiteElo "2454"]
[BlackElo "2462"]
[PlyCount "191"]
1. c4 c5 2. g3 g6 3. Bg2 Bg7 4. Nc3 Nc6 5. Nf3 d6 6. O-O Bf5 7. h3 Qc8 8. Kh2
Nf6 9. d3 Rb8 10. Nd5 h6 11. Bd2 Nxd5 12. cxd5 Nd4 13. Nxd4 Bxd4 14. Qc1 Bg7
15. Re1 h5 16. Bc3 O-O 17. Bxg7 Kxg7 18. Qc3+ f6 19. Rac1 b6 20. d4 Qd8 21. e4
Bd7 22. e5 cxd4 23. exf6+ exf6 24. Qb4 d3 25. Qxd6 d2 26. Re7+ Qxe7 27. Qxe7+
Rf7 28. Qxf7+ Kxf7 29. Rd1 Ke7 30. Rxd2 Kd6 31. Be4 f5 32. Bc2 g5 33. Kg2 g4
34. f4 gxf3+ 35. Kxf3 h4 36. gxh4 Rh8 37. Rd4 Ke5 38. Rf4 Rh5 39. Bb3 Rh8 40.
Ke3 Rg8 41. Kf3 Rh8 42. Rc4 Kd6 43. Kg3 a5 44. a4 Rh6 45. Kf3 Kxd5 46. Re4+ Kc5
47. Rf4 Bc6+ 48. Ke3 Be4 49. Bd1 Rg6 50. Bf3 Bb1 51. Kf2 Kd6 52. h5 Rh6 53. Ke3
Ke5 54. Rd4 Ba2 55. b4 Rf6 56. bxa5 bxa5 57. Rd8 f4+ 58. Kd3 Rb6 59. Re8+ Kf6
60. h6 Kg5 61. Re5+ Kxh6 62. Rxa5 Rb3+ 63. Ke4 Rb4+ 64. Kf5 Bb1+ 65. Kg4 Be4
66. Ra6+ Kg7 67. h4 Bxf3+ 68. Kxf3 Rc4 69. h5 Kh7 70. Kg4 Rd4 71. a5 Rd5 72. h6
Rc5 73. Kxf4 Rb5 74. Ke4 Rc5 75. Kd4 Rb5 76. Kc4 Rf5 77. Ra7+ Kh8 78. a6 Rf6
79. Kd5 Rxh6 80. Ra8+ Kh7 81. Kc5 Rf6 82. Kb5 Rf5+ 83. Kc6 Rf6+ 84. Kd7 Rg6 85.
Ke7 Rg7+ 86. Kf6 Rg6+ 87. Kf5 Rb6 88. Ra7+ Kh8 89. Ke5 Rc6 90. Kd4 Rf6 91. Kd5
Rb6 92. Ra8+ Kh7 93. Kc5 Rg6 94. Kb5 Rg5+ 95. Kc4 Rg4+ 96. Kd5 1/2-1/2

[Event "Elit(Limhamn-Schack 08)"]
[Site "?"]
[Date "2019.01.12"]
[Round "4"]
[White "Laveryd, Peter"]
[Black "Lindgren, Philip"]
[Result "1/2-1/2"]
[WhiteElo "2375"]
[BlackElo "2379"]
[PlyCount "46"]
1. e4 e5 2. Nf3 Nc6 3. Nc3 Nf6 4. g3 d5 5. exd5 Nxd5 6. Bg2 Nxc3 7. bxc3 Be7 8.
O-O e4 9. Ne1 Qd5 10. Qe2 Bf5 11. d3 exd3 12. Nxd3 Qe6 13. Qxe6 Bxe6 14. Nf4
Bd7 15. Nd5 O-O-O 16. Nxe7+ Nxe7 17. Ba3 Rhe8 18. Rad1 Nc6 19. Rfe1 Rxe1+ 20.
Rxe1 Be6 21. Bc5 Bxa2 22. Bxc6 bxc6 23. Bxa7 Rd2 1/2-1/2

[Event "Elit(Vasteras-Rockaden,Sthlm)"]
[Site "?"]
[Date "2019.01.12"]
[Round "4"]
[White "Neiksans, Arturs"]
[Black "Akesson, Ralf"]
[Result "1-0"]
[WhiteElo "2552"]
[BlackElo "2362"]
[PlyCount "151"]
1. e4 c6 2. d4 d5 3. exd5 cxd5 4. Bd3 Nc6 5. c3 Nf6 6. Bf4 Bg4 7. Qb3 Qc8 8.
Nd2 e6 9. Ngf3 Be7 10. O-O O-O 11. Ne5 Bh5 12. Qc2 Bg6 13. Nxg6 hxg6 14. Nf3
Nh5 15. Bd2 Bd6 16. g3 Qc7 17. Rae1 Rfe8 18. Ng5 Nf6 19. Bc1 e5 20. dxe5 Nxe5
21. Bb5 Re7 22. Qd1 Rd8 23. Bf4 a6 24. Ba4 Nc4 25. Rxe7 Qxe7 26. Re1 Qc7 27.
Bc1 Bc5 28. Qe2 b5 29. Bc2 Qd7 30. Nf3 Qa7 31. Kg2 Kf8 32. Ng5 Qd7 33. Nf3 Re8
34. Qd1 Rxe1 35. Qxe1 Qa7 36. Ng5 Qe7 37. Qd1 Qa7 38. Qf1 Ng4 39. Qe2 Nf6 40.
b3 Nd6 41. Bf4 Nde8 42. a4 bxa4 43. bxa4 Qb6 44. Bd3 a5 45. h3 Qc6 46. Bb5 Qc8
47. Be5 Qd8 48. Bf4 Nd6 49. Bd3 Qe7 50. Qb2 Qe8 51. Bxd6+ Bxd6 52. Qb6 Qb8 53.
Qxa5 Qc7 54. Qxc7 Bxc7 55. Bxg6 Ba5 56. Nxf7 Bxc3 57. Nd6 Ke7 58. Nb5 Ba5 59.
Bf5 Bb6 60. Kf3 Ng8 61. h4 Kf6 62. Bc2 Ne7 63. g4 Nc6 64. g5+ Ke6 65. Kg3 Nb4
66. Bb3 Nd3 67. f4 Nc5 68. Bc2 Ke7 69. Kg4 Ba5 70. h5 Kf8 71. Kf5 Ke7 72. Nd4
Bc3 73. Nc6+ Kd7 74. Ne5+ Kd6 75. h6 gxh6 76. gxh6 1-0

[Event "Elit(Eksjo-Schack 08)"]
[Site "?"]
[Date "2019.01.11"]
[Round "5"]
[White "Renman, Nils-Gustaf"]
[Black "Gajic, Mladen"]
[Result "1/2-1/2"]
[WhiteElo "2357"]
[BlackElo "2316"]
[PlyCount "71"]
1. d4 g6 2. Nf3 Bg7 3. c4 d6 4. Nc3 e5 5. e4 Nc6 6. d5 Nd4 7. Be3 Bg4 8. Be2
Bxf3 9. Bxf3 Ne7 10. g4 O-O 11. h4 c6 12. Be2 f5 13. f3 Qb6 14. Qd2 fxg4 15.
fxg4 Nc2+ 16. Qxc2 Qxe3 17. Qd3 Qf2+ 18. Kd2 cxd5 19. cxd5 a6 20. Qe3 b5 21.
Raf1 Qxe3+ 22. Kxe3 Nc8 23. a4 b4 24. Rxf8+ Bxf8 25. Na2 a5 26. Rc1 Nb6 27. Bb5
Ra7 28. Rc6 Nd7 29. Nc1 Nc5 30. Nd3 Nb3 31. Rc8 Nd4 32. Be8 Kg7 33. Ne1 Be7 34.
Ng2 Bf6 35. Kd3 Be7 36. Ke3 1/2-1/2

[Event "Elit(Eksjo-Schack 08)"]
[Site "?"]
[Date "2019.01.11"]
[Round "5"]
[White "Gdanski, Jacek"]
[Black "Laveryd, Peter"]
[Result "1-0"]
[WhiteElo "2464"]
[BlackElo "2375"]
[PlyCount "63"]
1. e4 Nf6 2. e5 Nd5 3. d4 d6 4. Nf3 dxe5 5. Nxe5 c6 6. Qf3 Be6 7. Bc4 g6 8. O-O
Bg7 9. Re1 O-O 10. c3 Nd7 11. Nxd7 Qxd7 12. Nd2 Nc7 13. Bxe6 Nxe6 14. Qh3 Qd5
15. Ne4 c5 16. Nxc5 Nxc5 17. dxc5 Qxc5 18. Qd7 Rfd8 19. Qxb7 Rab8 20. Qa6 Qc7
21. g3 e6 22. Qe2 Qa5 23. Bf4 Rb7 24. Rad1 Rbd7 25. Rxd7 Rxd7 26. Rd1 Rxd1+ 27.
Qxd1 Qxa2 28. Qd8+ Bf8 29. h4 Qb1+ 30. Kg2 Qe4+ 31. Kh2 Qf3 32. Be3 1-0

[Event "Elit(Eksjo-Schack 08)"]
[Site "?"]
[Date "2019.01.11"]
[Round "5"]
[White "Drugge, Patrick"]
[Black "Rothen, Hakan"]
[Result "1-0"]
[WhiteElo "2193"]
[BlackElo "2317"]
[PlyCount "123"]
1. e4 e6 2. d4 d5 3. exd5 exd5 4. Nf3 Nf6 5. c4 Bb4+ 6. Bd2 Bxd2+ 7. Nbxd2 O-O
8. c5 Re8+ 9. Be2 Qe7 10. Ne5 b6 11. cxb6 axb6 12. O-O Ba6 13. Bxa6 Nxa6 14.
Re1 Qb4 15. Nb3 c5 16. Re3 c4 17. a3 Qd6 18. Nd2 b5 19. Qf3 Nc7 20. Rae1 Qb6
21. Qf5 Qxd4 22. Qxf6 Rf8 23. Rg3 Ne6 24. Ndf3 Qxb2 25. Nd7 Qxf6 26. Nxf6+ Kh8
27. Nxd5 Rxa3 28. Ne5 Ra7 29. Nc6 Rd7 30. Ncb4 Rfd8 31. Nc3 Nd4 32. h3 g6 33.
Rge3 Ra7 34. Re8+ Rxe8 35. Rxe8+ Kg7 36. Rb8 Ra1+ 37. Kh2 Ra3 38. Nbd5 Rb3 39.
Rb7 Rb2 40. Kg3 h5 41. Ne4 g5 42. Nxg5 h4+ 43. Kxh4 Rxf2 44. g4 Kg6 45. Rb6+
Kg7 46. Kg3 Rd2 47. h4 c3 48. Nxc3 Rd3+ 49. Kf4 Rxc3 50. Rb7 Ne2+ 51. Ke4 Rc4+
52. Kf3 Nd4+ 53. Ke3 Nc2+ 54. Kf3 b4 55. Nxf7 Rc3+ 56. Kf4 b3 57. Nd6+ Kf8 58.
h5 Nd4 59. h6 Rf3+ 60. Ke4 Rh3 61. Kxd4 Rxh6 62. Rb8+ 1-0

[Event "Elit(Eksjo-Schack 08)"]
[Site "?"]
[Date "2019.01.11"]
[Round "5"]
[White "Vernersson, Per"]
[Black "Nyander, Joakim"]
[Result "1/2-1/2"]
[WhiteElo "2299"]
[BlackElo "2229"]
[PlyCount "63"]
1. d4 Nf6 2. c4 c5 3. d5 a6 4. Nc3 b5 5. cxb5 axb5 6. e4 b4 7. Nb5 d6 8. Bf4 g5
9. Bxg5 Nxe4 10. Bf4 Nf6 11. Bc4 Bg7 12. Nf3 O-O 13. O-O Nbd7 14. Re1 Nb6 15.
Bd3 Ba6 16. a4 c4 17. Bf5 Bxb5 18. axb5 Rxa1 19. Qxa1 Nbxd5 20. Bg5 Qb6 21.
Bxf6 Bxf6 22. Qb1 Qxb5 23. Qe4 h5 24. Bd7 Qc5 25. Be6 fxe6 26. Ng5 Bxg5 27.
Qg6+ Kh8 28. Qxh5+ Kg8 29. Qg6+ Kh8 30. Qh5+ Kg8 31. Qg6+ Kh8 32. Qh5+ 1/2-1/2

[Event "Elit(Eksjo-Schack 08)"]
[Site "?"]
[Date "2019.01.11"]
[Round "5"]
[White "Malesevic, Nedeljko"]
[Black "Arvidsson, Tomas"]
[Result "1-0"]
[WhiteElo "2249"]
[BlackElo "2034"]
[PlyCount "105"]
1. d4 Nf6 2. c4 g6 3. Nc3 Bg7 4. e4 d6 5. Bd3 e5 6. d5 Na6 7. b4 O-O 8. Rb1 Nh5
9. g3 Qe8 10. Be3 f5 11. f3 f4 12. Bf2 fxg3 13. hxg3 Rf7 14. Bf1 Qf8 15. Qe2
Nb8 16. Rb2 a5 17. b5 b6 18. Kd1 Nd7 19. Bh3 Nc5 20. Bxc8 Rxc8 21. Be1 Bh6 22.
Kc2 Re8 23. Nd1 Qe7 24. Rb1 Qg5 25. Qh2 Qe7 26. Qg2 Ref8 27. Nf2 Qg5 28. Ng4
Bg7 29. Bd2 Qd8 30. Nh6+ Bxh6 31. Bxh6 Nxe4 32. Bxf8 Qxf8 33. g4 Nf4 34. Qh2
Ng5 35. Rb3 e4 36. fxe4 Nxd5 37. Nh3 Nf3 38. Qf2 Nb4+ 39. Kb1 Ne5 40. Qe2 Qh6
41. a3 Nbd3 42. Rxd3 Nxd3 43. Qxd3 Qh4 44. Rg1 Qf6 45. Qe3 Qe5 46. Re1 Qh2 47.
e5 dxe5 48. Ng5 Re7 49. Nf3 Qg3 50. Nxe5 Qh2 51. Qd4 Qh4 52. Qd8+ Kg7 53. Rf1
1-0

[Event "Elit(Eksjo-Schack 08)"]
[Site "?"]
[Date "2019.01.11"]
[Round "5"]
[White "Sternlund, Hakan"]
[Black "Ghazi Al-Saadi, Ali"]
[Result "1-0"]
[WhiteElo "2119"]
[BlackElo "2024"]
[PlyCount "85"]
1. c4 e5 2. Nc3 Nf6 3. Nf3 Nc6 4. d4 exd4 5. Nxd4 Bb4 6. Bg5 h6 7. Bh4 Bxc3+ 8.
bxc3 Ne5 9. e3 O-O 10. Be2 Ng6 11. Bg3 Ne4 12. Qc2 Nxg3 13. hxg3 d6 14. f4 Re8
15. Kf2 Qf6 16. Bf3 Bd7 17. Bxb7 Rab8 18. Bf3 Ne5 19. fxe5 dxe5 20. Rhe1 exd4
21. exd4 Bg4 22. Qd2 Bxf3 23. gxf3 Rxe1 24. Rxe1 Qc6 25. c5 a5 26. Re7 a4 27.
Qf4 Rb2+ 28. Ke3 Qg6 29. Rxc7 Qe6+ 30. Qe4 Qa6 31. Qe8+ Kh7 32. Qxf7 Qe2+ 33.
Kf4 Qd2+ 34. Ke4 Qe1+ 35. Kd5 Qxg3 36. Qf5+ Qg6 37. Qxg6+ Kxg6 38. c6 h5 39.
Rb7 a3 40. Rb4 h4 41. c7 h3 42. c8=Q h2 43. Qh3 1-0

[Event "Elit(Eksjo-Schack 08)"]
[Site "?"]
[Date "2019.01.11"]
[Round "5"]
[White "Gustafsson, Fredrik"]
[Black "Bjorkeroth, Johan"]
[Result "0-1"]
[WhiteElo "2130"]
[BlackElo "2110"]
[PlyCount "64"]
1. e4 c6 2. Nc3 d5 3. Nf3 Nf6 4. e5 Ne4 5. d3 Nxc3 6. bxc3 Bg4 7. h3 Bxf3 8.
Qxf3 e6 9. Qg3 d4 10. Bd2 Qa5 11. Be2 Nd7 12. O-O dxc3 13. Bf4 Nb6 14. d4 O-O-O
15. Rfd1 Nd5 16. Bc4 h6 17. Rab1 g5 18. Bc1 Nb6 19. Bb3 Rd7 20. Rd3 Be7 21.
Rxc3 Rxd4 22. Bb2 Rhd8 23. Qf3 Rf4 24. Qe2 Bc5 25. Rf3 Rd2 26. Bc3 Qxc3 27.
Rxc3 Rxe2 28. Rxc5 Rfxf2 29. Rc3 Rxg2+ 30. Kh1 Rh2+ 31. Kg1 Rhg2+ 32. Kh1 Nd7
0-1

[Event "Elit(Wasa-Eksjo)"]
[Site "?"]
[Date "2018.11.11"]
[Round "3"]
[White "Sagit, Rauan"]
[Black "Ornstein, Axel"]
[Result "1-0"]
[WhiteElo "2434"]
[BlackElo "2306"]
[PlyCount "59"]
1. g3 e5 2. Bg2 d5 3. c4 d4 4. d3 Nf6 5. Nf3 Nc6 6. O-O Be7 7. a3 a5 8. Nbd2
O-O 9. Ne1 Bf5 10. h3 h6 11. Rb1 Qd7 12. Kh2 Rfe8 13. Qc2 Bf8 14. g4 Bh7 15.
Ne4 Nxe4 16. dxe4 a4 17. Bd2 Na5 18. Nd3 Nb3 19. Be1 h5 20. f3 hxg4 21. hxg4
Ra6 22. Bg3 Rh6+ 23. Kg1 Nc5 24. Nxe5 Rxe5 25. Bxe5 d3 26. exd3 Nxd3 27. Rfd1
Bc5+ 28. Kf1 Bxe4 29. fxe4 Qxg4 30. Rxd3 1-0